| 000 | 00374nam a22001457a 4500 | ||
|---|---|---|---|
| 005 | 20250505162015.0 | ||
| 008 | 170401b xxu||||| |||| 00| 0 eng d | ||
| 041 | _aeng | ||
| 100 |
_aMATHUR,S.P, AND SINGH, N.K. _98635 |
||
| 245 | _aCOAL MINING OF MANAGEMENT [VOL IV] | ||
| 260 |
_bKHANAN PRAKSHAN _aBILASPUR |
||
| 300 | _aVOL, IV 12-55;P | ||
| 650 | _aMINING | ||
| 942 | _cBK | ||
| 999 |
_c5395 _d5393 |
||